| 000 | 01033cam a2200265 a 4500 | ||
|---|---|---|---|
| 001 | 000001247 | ||
| 005 | 20200929145523.0 | ||
| 008 | 801215m1963 sp b 001 0 spa | ||
| 020 | _a8422009404 | ||
| 040 |
_aDO-SdBNP _bspa _cBNPHU |
||
| 082 |
_a282 _bL792h |
||
| 100 | 1 |
_aLlorca Vives, Bernardino, _d1898- _94240 |
|
| 245 | 1 | 0 |
_aHistoria de la iglesia católica / _cBernardino Llorca Vives, Ricardo GarcÍa Villoslada y Juan María Laboa. |
| 260 |
_aMadrid : _bCatólica, _c1963. |
||
| 300 |
_av. ; _c21 cm. |
||
| 490 | 0 | _aBiblioteca de autores cristianos | |
| 504 | _aIncluye referencias bibliográficas y notas al pie de las páginas | ||
| 500 | _aLa biblioteca posee el volumen IV. | ||
| 505 | 1 |
_aVolumen 4 : _tEdad Moderna (1648-1963) -- _gLa iglesia en su lucha y relaciones con el laicismo. |
|
| 610 | 2 | 0 |
_aIGLESIA CATÓLICA _94241 |
| 650 | 4 |
_aIglesia católica _xHistoria _94242 |
|
| 700 | 1 |
_aGarcía Villoslada, Ricardo _94243 |
|
| 700 | 1 |
_aLaboa, Juan María _94244 |
|
| 830 | 0 |
_aBiblioteca de autores cristianos ; _94245 |
|
| 999 |
_c1191 _d1191 |
||